000 00519nam a2200181Ia 4500
008 230718s9999 xx 000 0 und d
020 _a9781789347999
041 _aeng
082 _a006.31
_bBON
100 _aBonaccorso G.
245 _aMachine Learning Algorithms
_bPopular Algorithms For Data Science And Machine Learning
250 _a2nd ed.
260 _c2018
_bPackt
300 _a508
365 _cRs.
_b1499.00
700 _aBonaccorso G.
906 _dO:0638218-Feb-2019B:IN100814-Feb-2019
_cBCOMP
_b1499
999 _c349555
_d349555